| 000 | 01040cab a2200253 4500 | ||
|---|---|---|---|
| 001 | ABS50890 | ||
| 008 | 090401t1994 xxu||||| |||| 00| 0 eng d | ||
| 035 | _a(Sirsi) u85 | ||
| 041 | _aeng | ||
| 245 | _aEasement granted or contrary intention expressed | ||
| 260 | _c1994 | ||
| 350 | _a0 | ||
| 490 |
_aConveyancer & Property Lawyer _v(1994) Conv 238-242(5) |
||
| 520 | _aA discussion of "Pretoria Warehousing Co Ltd v Shelton and another" CA 23 June 1993 which held that the tenant was entitled to an injunction preventing interference with a right of way on an issue as to whether the lessee had acquired an easement by operation of Law of Property Act 1925 s62, or whether the operation of the section had been excluded by reason of a contrary intention having been expressed. | ||
| 650 | _aDRAFTING | ||
| 650 | _aEASEMENTS | ||
| 650 | _aLAW OF PROPERTY ACT 1925 S62 | ||
| 650 | _aLEASES | ||
| 650 | _aRETAIL PROPERTY | ||
| 650 | _aRIGHTS OF WAY | ||
| 690 | _aPROPERTY-LANDLORD AND TENANT | ||
| 942 | _n0 | ||
| 948 | _c04/03/1997 | ||
| 999 |
_c29 _d29 |
||